| 000 | 00464nam a2200181Ia 4500 | ||
|---|---|---|---|
| 001 | 42999 | ||
| 008 | 140425s9999 xx 000 0 und d | ||
| 020 | _aNA | ||
| 040 | _cPK-LaUMT | ||
| 082 |
_aRHC 891.4393 _bHAM-M |
||
| 100 | _aHameed Shahid, Muhammad | ||
| 245 |
_aMargzaar (Urdu) _cHameed Shahid, Muhammad |
||
| 260 |
_aKarachi,Pakistan: _bAcademy Bazyaft, _c2004 |
||
| 300 | _a152 p. | ||
| 546 | _aUR | ||
| 650 | _aPakistani literature-Urdu | ||
| 942 | _cBK | ||
| 999 |
_c41011 _d41011 |
||